Statistics for All National Rail Companies

Click here to take the quiz!

General Stats

  • This quiz has been taken 28 times
  • The average score is 21 of 29

Answer Stats

Answer% Correct
Great Western Railway
94%
Avanti West Coast
89%
c2c
89%
GreaterAnglia
89%
Northern
89%
ScotRail
89%
Southeastern
89%
Southern
89%
Thameslink
83%
Chiltern Railways
78%
Grand Central
78%
London North Eastern Railway
78%
Lumo
78%
TransPennine Express
78%
Transport for Wales
78%
CrossCountry
72%
Eurostar
72%
South Western Railway
72%
Gatwick Express
67%
Great Northern
67%
Hull Trains
67%
Merseyrail
67%
Caledonian Sleeper
61%
East Midlands Railway
61%
Heathrow Express
61%
London Northwestern Railway
56%
West Midlands Railway
56%
Island Line
39%
Transport for Greater Manchester
11%

Score Distribution

Percentile by Number Answered

Percent of People with Each Score

Your Score History

You have not taken this quiz